[Event "TCh-POL Ekstraliga 2018"]
[Site "Poland POL"]
[Date "2018.09.14"]
[Round "4.3"]
[Board "2"]
[White "Plichta, Kamil"]
[Black "Mastrovasilis, Dimitrios"]
[Result "1-0"]
[WhiteTitle "FM"]
[BlackTitle "GM"]
[WhiteElo "2335"]
[BlackElo "2580"]
[WhiteTeam "Bialy Krol Wisznia Mala"]
[BlackTeam "KSz Polonia Wroclaw"]
[WhiteFideId "1141830"]
[BlackFideId "4202694"]
[EventDate "2018.06.08"]

1. c4 c6 2. e4 d5 3. exd5 Nf6 4. d4 cxd5 5. Nc3 Nc6 6. Nf3 Bg4 7. cxd5 Nxd5 8.
Qb3 Bxf3 9. gxf3 e6 10. Qxb7 Nxd4 11. Bb5+ Nxb5 12. Qc6+ Ke7 13. Qc5+ Ke8 14.
Qc6+ Ke7 15. Qc5+ Ke8 16. Qxb5+ Qd7 17. Nxd5 exd5 18. Qd3 Bb4+ 19. Kf1 Kf8 20.
Be3 h5 21. Rd1 Rd8 22. Rg1 f6 23. Qa6 Kf7 24. a3 Be7 25. Qxa7 Qh3+ 26. Ke2 Qxh2
27. f4 Rhe8 28. Qd4 Bf8 29. Rh1 Qg2 30. Rdg1 Qe4 31. Qxe4 Rxe4 32. Rxh5 Rb8 33.
b4 Ra8 34. Rxd5 Rxa3 35. b5 Rb3 36. f5 Re5 37. Rxe5 fxe5 38. b6 Kf6 39. Rg3 Rb4
40. Kd2 e4 41. Rg4 Ke5 42. Kc2 Rc4+ 43. Kb3 Rb4+ 44. Kc3 Kd5 45. Rg5 Rc4+ 46.
Kd2 Ke5 47. Kd1 Kf6 48. b7 Rb4 49. Rg6+ Kxf5 50. Rb6 Rxb6 51. Bxb6 Bd6 52. Ba7
Kg4 53. Ke2 1-0

[Event "TCh-POL Ekstraliga 2018"]
[Site "Poland POL"]
[Date "2018.09.14"]
[Round "4.3"]
[Board "3"]
[White "Tazbir, Marcin"]
[Black "Brodowski, Piotr"]
[Result "1-0"]
[WhiteTitle "GM"]
[BlackTitle "IM"]
[WhiteElo "2525"]
[BlackElo "2437"]
[WhiteTeam "KSz Polonia Wroclaw"]
[BlackTeam "Bialy Krol Wisznia Mala"]
[WhiteFideId "1122452"]
[BlackFideId "1124480"]
[EventDate "2018.06.08"]

1. e4 c5 2. Nf3 Nc6 3. d4 cxd4 4. Nxd4 Nf6 5. Nc3 e5 6. Ndb5 d6 7. Bg5 a6 8. Na3
b5 9. Nd5 Be7 10. Bxf6 Bxf6 11. c4 b4 12. Nc2 Be6 13. Nxf6+ gxf6 14. Bd3 Qb6 15.
O-O Ke7 16. Kh1 b3 17. Ne3 Rhb8 18. Nd5+ Bxd5 19. exd5 Nd4 20. a3 h5 21. Qd2 Nc2
22. Rad1 Ra7 23. Qh6 Rg8 24. Qh7 Rg4 25. h3 Rf4 26. Bg6 Qc5 27. Rd3 Rxf2 28.
Qxf7+ Kd8 29. Qe8+ Kc7 30. Rxf2 Qxf2 31. Qc6+ Kd8 32. Qxd6+ Kc8 33. Qf8+ 1-0

[Event "TCh-POL Ekstraliga 2018"]
[Site "Poland POL"]
[Date "2018.09.14"]
[Round "4.3"]
[Board "4"]
[White "Butkiewicz, Lukasz"]
[Black "Gumularz, Szymon"]
[Result "1/2-1/2"]
[WhiteTitle "IM"]
[BlackTitle "IM"]
[WhiteElo "2449"]
[BlackElo "2452"]
[WhiteTeam "Bialy Krol Wisznia Mala"]
[BlackTeam "KSz Polonia Wroclaw"]
[WhiteFideId "1122428"]
[BlackFideId "1188062"]
[EventDate "2018.06.08"]

1. e4 c6 2. d4 d5 3. e5 Bf5 4. Nf3 e6 5. Be2 c5 6. Be3 cxd4 7. Nxd4 Ne7 8. c4
Nbc6 9. Qa4 a6 10. Nc3 dxc4 11. O-O-O Qa5 12. Qxa5 Nxa5 13. Nxf5 Nxf5 14. Bb6
Nc6 15. f4 Rc8 16. Bxc4 g5 17. g4 Nh4 18. f5 Nxe5 19. Bb3 Bc5 20. Bxc5 Rxc5 21.
fxe6 fxe6 22. Bxe6 Ke7 23. Bd5 b5 24. Kb1 Rd8 25. Rhe1 Ng6 26. Be4 Rxd1+ 27.
Nxd1 Kf6 28. Ne3 Nc4 29. Nd5+ Kg7 30. Rd1 Rc8 31. b3 Nce5 32. Ne3 Rc3 33. Nf5+
Kf7 34. Nh6+ 1/2-1/2

[Event "TCh-POL Ekstraliga 2018"]
[Site "Poland POL"]
[Date "2018.09.14"]
[Round "4.3"]
[Board "5"]
[White "Stachowiak, Kamil"]
[Black "Luch, Michal"]
[Result "1-0"]
[WhiteTitle "IM"]
[BlackTitle "IM"]
[WhiteElo "2447"]
[BlackElo "2395"]
[WhiteTeam "KSz Polonia Wroclaw"]
[BlackTeam "Bialy Krol Wisznia Mala"]
[WhiteFideId "1119966"]
[BlackFideId "1120042"]
[EventDate "2018.06.08"]

1. d4 Nf6 2. c4 e6 3. Nf3 d5 4. g3 dxc4 5. Bg2 Bb4+ 6. Bd2 a5 7. Qc2 Bxd2+ 8.
Qxd2 c6 9. a4 Ne4 10. Qf4 Nd6 11. Na3 O-O 12. Ne5 Na6 13. O-O Nb4 14. Rfc1 Nd5
15. Qd2 Nb6 16. Naxc4 Nbxc4 17. Nxc4 Nxc4 18. Rxc4 e5 19. d5 Be6 20. Rd1 cxd5
21. Bxd5 Qb6 22. Qc3 f6 23. Rc7 Rfd8 24. Bxe6+ Qxe6 25. Rxd8+ Rxd8 26. Qxa5 Rd1+
27. Kg2 Qa6 28. Rc8+ Kf7 29. Qc7+ Kg6 30. Qc2+ 1-0

[Event "TCh-POL Ekstraliga 2018"]
[Site "Poland POL"]
[Date "2018.09.14"]
[Round "4.3"]
[Board "6"]
[White "Bartel, Marta"]
[Black "Zawadzka, Jolanta"]
[Result "0-1"]
[WhiteTitle "WGM"]
[BlackTitle "WGM"]
[WhiteElo "2247"]
[BlackElo "2434"]
[WhiteTeam "Bialy Krol Wisznia Mala"]
[BlackTeam "KSz Polonia Wroclaw"]
[WhiteFideId "1123009"]
[BlackFideId "1122320"]
[EventDate "2018.06.08"]

1. b3 e5 2. Bb2 Nc6 3. e3 Nf6 4. Bb5 Bd6 5. Na3 e4 6. f4 exf3 7. Nxf3 a6 8. Bxc6
dxc6 9. Nc4 Bg4 10. O-O O-O 11. Qe1 Bxf3 12. Rxf3 Ng4 13. Nxd6 cxd6 14. Qg3 Ne5
15. Rf2 Qe7 16. Raf1 Rad8 17. e4 f6 18. d3 b5 19. h3 Kh8 20. Qe3 c5 21. Rd2 Nc6
22. Qf2 a5 23. Qf5 Rde8 24. a3 Qc7 25. Rdf2 Ne5 26. Qh5 a4 27. bxa4 bxa4 28.
Bxe5 dxe5 29. Qe2 Rb8 30. g4 Qd6 31. Qe3 h6 32. h4 Kh7 33. g5 fxg5 34. hxg5 Rxf2
35. Qxf2 Qd4 36. gxh6 Kxh6 37. Qxd4 cxd4 38. Rf5 Rb5 39. Kf2 Rc5 40. Kf3 g6 41.
Rf7 Rxc2 42. Re7 Rd2 43. Rxe5 Rxd3+ 44. Kf4 Rxa3 45. Rd5 Rd3 46. e5 a3 47. Ra5
Rb3 48. e6 Re3 49. Ra6 a2 50. Rxa2 Rxe6 0-1

[Event "TCh-POL Ekstraliga 2018"]
[Site "Poland POL"]
[Date "2018.09.14"]
[Round "4.4"]
[Board "1"]
[White "Wojtaszek, Radoslaw"]
[Black "Protaziuk, Grzegorz"]
[Result "1-0"]
[WhiteTitle "GM"]
[WhiteElo "2730"]
[BlackElo "2334"]
[WhiteTeam "Wasko HETMAN GKS Katowice"]
[BlackTeam "LKS Wrzos Miedzyborow"]
[WhiteFideId "1118358"]
[BlackFideId "1106929"]
[EventDate "2018.06.08"]

1. d4 Nf6 2. c4 g6 3. g3 c6 4. Bg2 d5 5. Qa4 Bg7 6. cxd5 Nxd5 7. Nf3 Nb6 8. Qc2
Bg4 9. Nbd2 O-O 10. O-O N8d7 11. Rd1 Qc8 12. h3 Bxf3 13. Nxf3 e5 14. e4 Re8 15.
Be3 exd4 16. Nxd4 Nf8 17. a4 Ne6 18. Ne2 Nc7 19. a5 Nd7 20. f4 Nf6 21. Bf2 Na6
22. Nc3 Bf8 23. e5 Nb4 24. Qb3 Nfd5 25. Kh2 Rd8 26. Ne4 b6 27. Qf3 Qc7 28. axb6
axb6 29. Rac1 Rab8 30. g4 Bg7 31. Bg3 Qe7 32. Re1 Nc7 33. Nd6 Ne6 34. f5 Nd4 35.
Qe4 Rxd6 36. exd6 Qxe4 37. Rxe4 Rd8 38. Rce1 Kf8 39. d7 1-0

[Event "TCh-POL Ekstraliga 2018"]
[Site "Poland POL"]
[Date "2018.09.14"]
[Round "4.4"]
[Board "2"]
[White "Antoniewski, Rafal"]
[Black "Navara, David"]
[Result "1/2-1/2"]
[WhiteTitle "GM"]
[BlackTitle "GM"]
[WhiteElo "2521"]
[BlackElo "2727"]
[WhiteTeam "LKS Wrzos Miedzyborow"]
[BlackTeam "Wasko HETMAN GKS Katowice"]
[WhiteFideId "1111078"]
[BlackFideId "309095"]
[EventDate "2018.06.08"]

1. Nf3 d5 2. d4 Nf6 3. c4 e6 4. Nc3 c6 5. e3 Nbd7 6. Qc2 Bd6 7. Bd3 O-O 8. O-O
dxc4 9. Bxc4 b5 10. Bd3 Bb7 11. a3 a5 12. e4 e5 13. dxe5 Nxe5 14. Nxe5 Bxe5 15.
h3 Ba6 16. Rd1 Qe7 17. Be3 b4 18. Na4 Bxd3 19. Rxd3 Nxe4 20. Qxc6 Rac8 21. Qa6
Rc2 22. Qxa5 bxa3 23. Rdxa3 Bxb2 24. Nxb2 Rxb2 25. R3a2 Rxa2 26. Qxa2 h6 27. Re1
Re8 28. f3 Nf6 29. Bf2 Qd7 30. Rxe8+ Qxe8 31. Qd2 Qd7 32. Qxd7 Nxd7 33. Bd4 1/2-1/2

[Event "TCh-POL Ekstraliga 2018"]
[Site "Poland POL"]
[Date "2018.09.14"]
[Round "4.4"]
[Board "3"]
[White "Miton, Kamil"]
[Black "Cyborowski, Lukasz"]
[Result "1/2-1/2"]
[WhiteTitle "GM"]
[BlackTitle "GM"]
[WhiteElo "2604"]
[BlackElo "2514"]
[WhiteTeam "Wasko HETMAN GKS Katowice"]
[BlackTeam "LKS Wrzos Miedzyborow"]
[WhiteFideId "1111914"]
[BlackFideId "1108760"]
[EventDate "2018.06.08"]

1. d4 Nf6 2. c4 e6 3. Nf3 d5 4. g3 dxc4 5. Bg2 a6 6. O-O Nc6 7. e3 Bd7 8. Qe2
Bd6 9. Qxc4 O-O 10. Rd1 Rb8 11. Nbd2 Qe7 12. b3 e5 13. Bb2 e4 14. Ne5 Nxe5 15.
dxe5 Bxe5 16. Bxe5 Qxe5 17. Nxe4 Nxe4 18. Qxe4 Qxe4 19. Bxe4 Rfd8 20. Rd2 Kf8
21. Rad1 Ke7 22. f4 h6 23. Kf2 c5 24. Rd5 b6 25. Re5+ Kf8 26. Red5 Ke7 27. Re5+
Kf8 28. Red5 Ke7 29. Re5+ Kf8 30. Red5 Ke7 1/2-1/2

[Event "TCh-POL Ekstraliga 2018"]
[Site "Poland POL"]
[Date "2018.09.14"]
[Round "4.4"]
[Board "4"]
[White "Nurkiewicz, Maciej"]
[Black "Gajewski, Grzegorz"]
[Result "1/2-1/2"]
[BlackTitle "GM"]
[WhiteElo "2370"]
[BlackElo "2607"]
[WhiteTeam "LKS Wrzos Miedzyborow"]
[BlackTeam "Wasko HETMAN GKS Katowice"]
[WhiteFideId "1107046"]
[BlackFideId "1116207"]
[EventDate "2018.06.08"]

1. e4 e5 2. Nf3 Nc6 3. Bc4 Bc5 4. c3 Nf6 5. d3 O-O 6. O-O d5 7. exd5 Nxd5 8.
Nbd2 Nb6 9. Ne4 Nxc4 10. Nxc5 Nd6 11. Re1 Bg4 12. h3 Bh5 13. g4 Bg6 14. Bg5 Qc8
15. Nh4 f6 16. Nxg6 hxg6 17. Be3 b6 18. Qf3 Qe8 19. Ne4 Rd8 20. Rad1 Nxe4 21.
dxe4 Qe6 22. b3 Ne7 23. Rxd8 Rxd8 24. Rd1 Rf8 25. Qe2 g5 26. Qb5 Kf7 27. Kg2 Rc8
28. f3 Qc6 29. Qxc6 Nxc6 30. Bf2 Ke7 31. h4 gxh4 32. Bxh4 Nd8 33. Bf2 Ne6 34.
Be3 c5 35. Kf2 Rh8 36. Kg2 Nc7 37. g5 Nb5 38. Rd3 Rd8 39. gxf6+ gxf6 40. Rxd8
Kxd8 41. Bd2 Nd6 42. Kf2 c4 43. b4 f5 44. exf5 Nxf5 45. a4 a6 46. Bg5+ Kd7 47.
Bf6 Ke6 48. Bd8 b5 49. axb5 axb5 50. Bg5 Kd5 51. Bf6 e4 52. Ke2 Ng3+ 53. Kf2 Nh5
54. Bg5 Ng7 55. Ke3 Nf5+ 56. Kf4 Nd6 57. Bf6 exf3 58. Kxf3 Ne4 59. Bh8 Ng5+ 1/2-1/2

[Event "TCh-POL Ekstraliga 2018"]
[Site "Poland POL"]
[Date "2018.09.14"]
[Round "4.4"]
[Board "5"]
[White "Socko, Bartosz"]
[Black "Bartel, Michal"]
[Result "1-0"]
[WhiteTitle "GM"]
[BlackTitle "FM"]
[WhiteElo "2588"]
[BlackElo "2360"]
[WhiteTeam "Wasko HETMAN GKS Katowice"]
[BlackTeam "LKS Wrzos Miedzyborow"]
[WhiteFideId "1107038"]
[BlackFideId "1119257"]
[EventDate "2018.06.08"]

1. Nf3 Nf6 2. c4 c5 3. Nc3 d6 4. g3 e5 5. Bg2 Nc6 6. O-O Be7 7. a3 O-O 8. Rb1 h6
9. b4 e4 10. Ne1 Bf5 11. d3 exd3 12. Nxd3 Rb8 13. Bf4 g5 14. Be3 Ne5 15. bxc5
Nxd3 16. exd3 dxc5 17. Nd5 Nxd5 18. Bxd5 b5 19. Re1 Qd7 20. Qe2 Rfd8 21. Qh5 Bf8
22. h4 Bxd3 23. Rbd1 bxc4 24. Bxc4 Qf5 25. g4 Qh7 26. Rxd3 Rxd3 27. hxg5 Rxe3
28. Rxe3 hxg5 29. Qxg5+ Bg7 30. Bxf7+ 1-0

[Event "TCh-POL Ekstraliga 2018"]
[Site "Poland POL"]
[Date "2018.09.14"]
[Round "4.4"]
[Board "6"]
[White "Kulon, Klaudia"]
[Black "Socko, Monika"]
[Result "0-1"]
[WhiteTitle "WGM"]
[BlackTitle "GM"]
[WhiteElo "2356"]
[BlackElo "2458"]
[WhiteTeam "LKS Wrzos Miedzyborow"]
[BlackTeam "Wasko HETMAN GKS Katowice"]
[WhiteFideId "1131044"]
[BlackFideId "1106619"]
[EventDate "2018.06.08"]

1. e4 c6 2. d4 d5 3. exd5 cxd5 4. c4 Nf6 5. Nf3 e6 6. Nc3 Be7 7. Bg5 O-O 8. c5
b6 9. b4 Nc6 10. b5 Na5 11. c6 Ne4 12. Bd2 a6 13. Rb1 axb5 14. Bxb5 Nxd2 15.
Qxd2 Qc7 16. O-O Nxc6 17. Rfc1 Na5 18. Nxd5 Qd8 19. Nxe7+ Qxe7 20. Bd3 Bb7 21.
Rxb6 Bxf3 22. gxf3 Ra7 23. Rcb1 Qc7 24. Qc1 g6 25. Qxc7 Rxc7 26. a4 Rc3 27. Be2
Nc6 28. Rd1 Rd8 29. Kg2 Rd5 30. Rb5 Rxd4 31. Rxd4 Nxd4 32. Rb8+ Kg7 33. Bb5 Ra3
34. Be8 Nxf3 35. Rb7 Kf8 36. Bd7 g5 37. Ra7 Ne5 38. Bb5 Ng6 39. a5 Nf4+ 40. Kg1
Ra1+ 41. Bf1 g4 42. a6 h5 43. f3 Nh3+ 44. Kg2 gxf3+ 45. Kxh3 Rxf1 46. Kg3 Kg7
47. Ra8 h4+ 48. Kxh4 Rg1 49. a7 f2 50. Rg8+ Kxg8 51. a8=Q+ Kg7 0-1

[Event "TCh-POL Ekstraliga 2018"]
[Site "Poland POL"]
[Date "2018.09.14"]
[Round "4.5"]
[Board "1"]
[White "Tomczak, Jacek"]
[Black "Ponizil, Cyril"]
[Result "1-0"]
[WhiteTitle "GM"]
[BlackTitle "IM"]
[WhiteElo "2598"]
[BlackElo "2493"]
[WhiteTeam "Akademia Szachowa ChessGrow Gliwice"]
[BlackTeam "UKS Hetman Czestochowa"]
[WhiteFideId "1124668"]
[BlackFideId "322202"]
[EventDate "2018.06.08"]

1. e4 c5 2. Nf3 e6 3. d4 cxd4 4. Nxd4 a6 5. Be2 b5 6. O-O Bb7 7. c4 b4 8. Qd3
Qc7 9. Be3 Nf6 10. Nd2 Bc5 11. N4b3 Bxe3 12. Qxe3 d6 13. Qg3 O-O 14. c5 e5 15.
cxd6 Qxd6 16. Nc4 Qe6 17. Nc5 Nxe4 18. Nxe6 Nxg3 19. hxg3 fxe6 20. Nxe5 Nc6 21.
Nf3 Rad8 22. Bc4 Rd6 23. Rfe1 Bc8 24. Re4 h6 25. Rc1 Rf6 26. Bb3 Bb7 27. Ba4 a5
28. Rec4 Nd8 29. Rd4 Rxd4 30. Nxd4 e5 31. Nc2 Nc6 32. Rd1 Kf8 33. Rd5 Ba6 34.
Ne3 Nd4 35. f3 Ne2+ 36. Kh2 Nc1 37. Rxa5 Nxa2 38. Rxe5 Nc1 39. Nd5 Rd6 40. Nxb4
Rd4 41. Rf5+ Kg8 42. Rf4 Rxf4 43. gxf4 Bc4 44. Bd1 Bb5 45. Kg3 1-0

[Event "TCh-POL Ekstraliga 2018"]
[Site "Poland POL"]
[Date "2018.09.14"]
[Round "4.5"]
[Board "2"]
[White "Zwardon, Vojtech"]
[Black "Czarnota, Pawel"]
[Result "1/2-1/2"]
[WhiteTitle "IM"]
[BlackTitle "GM"]
[WhiteElo "2424"]
[BlackElo "2546"]
[WhiteTeam "UKS Hetman Czestochowa"]
[BlackTeam "Akademia Szachowa ChessGrow Gliwice"]
[WhiteFideId "325511"]
[BlackFideId "1121219"]
[EventDate "2018.06.08"]

1. c4 c6 2. Nc3 d5 3. cxd5 cxd5 4. d4 Nf6 5. Bf4 Nc6 6. e3 a6 7. Rc1 Bf5 8. Nf3
Rc8 9. Ne5 e6 10. Qb3 Nxe5 11. Bxe5 Qd7 12. Be2 Ne4 13. f3 Nd6 14. Kf2 Nc4 15.
Bf4 Be7 16. Rhd1 Na5 17. Qa4 Nc6 18. a3 O-O 19. b4 Bg6 20. Qb3 b5 21. Na2 Na7
22. Qb2 h6 23. a4 Qb7 24. axb5 Nxb5 25. Qb3 Rxc1 26. Rxc1 Rc8 27. Qd1 Na3 28.
Rxc8+ Qxc8 29. Qa4 Nb5 30. Bxb5 axb5 31. Qxb5 Bb1 32. Qe2 Bxa2 33. Qxa2 Bxb4 1/2-1/2

[Event "TCh-POL Ekstraliga 2018"]
[Site "Poland POL"]
[Date "2018.09.14"]
[Round "4.5"]
[Board "3"]
[White "Olszewski, Michal"]
[Black "Piesik, Piotr"]
[Result "1-0"]
[WhiteTitle "GM"]
[BlackTitle "FM"]
[WhiteElo "2529"]
[BlackElo "2353"]
[WhiteTeam "Akademia Szachowa ChessGrow Gliwice"]
[BlackTeam "UKS Hetman Czestochowa"]
[WhiteFideId "1121251"]
[BlackFideId "1136194"]
[EventDate "2018.06.08"]

1. e4 e5 2. Nf3 Nc6 3. Bb5 a6 4. Ba4 Nf6 5. O-O b5 6. Bb3 Be7 7. Re1 d6 8. a4
Bg4 9. c3 O-O 10. h3 Be6 11. d4 Bxb3 12. Qxb3 Na5 13. Qc2 Nd7 14. Na3 exd4 15.
Nxd4 c5 16. Nf5 b4 17. cxb4 cxb4 18. Bd2 bxa3 19. Bxa5 Qxa5 20. Nxe7+ Kh8 21.
Nc6 Qb6 22. Rxa3 Nc5 23. b4 Qxc6 24. bxc5 dxc5 25. Rc3 Rfc8 26. Rc1 Qe8 27. Rd1
Ra7 28. Rxc5 Rxc5 29. Qxc5 Ra8 30. Qd5 h6 31. e5 Rc8 32. Rd4 Qe7 33. Qd6 Qa7 34.
Kh2 Kh7 35. Rf4 a5 36. Qd5 Rc5 37. Qe4+ Kg8 38. e6 fxe6 39. Qxe6+ Kh7 40. Qe4+
Kg8 41. Qe6+ Kh7 42. Rf8 Qc7+ 43. f4 Rc6 44. Qe8 1-0

[Event "TCh-POL Ekstraliga 2018"]
[Site "Poland POL"]
[Date "2018.09.14"]
[Round "4.5"]
[Board "4"]
[White "Paszewski, Mateusz"]
[Black "Warakomski, Tomasz"]
[Result "0-1"]
[WhiteTitle "FM"]
[BlackTitle "GM"]
[WhiteElo "2322"]
[BlackElo "2505"]
[WhiteTeam "UKS Hetman Czestochowa"]
[BlackTeam "Akademia Szachowa ChessGrow Gliwice"]
[WhiteFideId "1141058"]
[BlackFideId "1124552"]
[EventDate "2018.06.08"]

1. e4 c5 2. Nf3 d6 3. d4 cxd4 4. Qxd4 a6 5. Be2 Nc6 6. Qe3 Nf6 7. O-O g6 8. h3
Bg7 9. c4 O-O 10. Nc3 Nd7 11. Rb1 a5 12. b3 Nc5 13. Bb2 f5 14. exf5 Bxf5 15.
Rbd1 a4 16. Ba3 Bxc3 17. Qxc3 Ne4 18. Qb2 axb3 19. axb3 Rxa3 20. Qxa3 Nc3 21.
Qb2 Nxd1 22. Rxd1 Qb6 23. Ng5 Nb4 24. Bg4 Bxg4 25. hxg4 Qa5 26. Qd2 Nc6 27. Qe3
Qe5 28. Qd2 h6 29. Nf3 Qf4 30. Qd5+ Kg7 31. Qe6 Rf7 32. Ra1 Nd4 33. Qd5 Nxf3+
34. gxf3 Qxf3 35. Qd4+ e5 36. Qxd6 Qxf2+ 37. Kh1 Qh4+ 38. Kg1 Qxg4+ 39. Kh1 Qh3+
40. Kg1 Qg3+ 41. Kh1 h5 0-1

[Event "TCh-POL Ekstraliga 2018"]
[Site "Poland POL"]
[Date "2018.09.14"]
[Round "4.5"]
[Board "5"]
[White "Kantans, Toms"]
[Black "Tomaszewski, Roman"]
[Result "1-0"]
[WhiteTitle "GM"]
[BlackTitle "IM"]
[WhiteElo "2526"]
[BlackElo "2265"]
[WhiteTeam "Akademia Szachowa ChessGrow Gliwice"]
[BlackTeam "UKS Hetman Czestochowa"]
[WhiteFideId "11602945"]
[BlackFideId "1100637"]
[EventDate "2018.06.08"]

1. e4 Nf6 2. e5 Nd5 3. d4 d6 4. c4 Nb6 5. exd6 exd6 6. Nc3 Be7 7. h3 O-O 8. Nf3
Bf6 9. Be2 Be6 10. b3 d5 11. c5 N6d7 12. Qd3 Nc6 13. O-O Re8 14. Bf4 Nf8 15.
Rad1 Ng6 16. Bg3 a6 17. b4 Qd7 18. Qb1 Bf5 19. Qb3 Rad8 20. b5 axb5 21. Bxb5
Nge7 22. Rfe1 Qc8 23. Ba4 Rf8 24. Nb5 Rd7 25. Be5 Bxe5 26. dxe5 Rdd8 27. Nbd4
Nxd4 28. Rxd4 c6 29. Rb4 Rd7 30. Nd4 Bg6 31. h4 h6 32. Qd1 Nf5 33. h5 Bh7 34.
Bc2 Nxd4 35. Bxh7+ Kxh7 36. Qxd4 Kg8 37. Re3 Re7 38. Qb2 Rfe8 39. Rf4 Qc7 40.
Rg4 Re6 41. f4 f5 42. Rg6 Qf7 43. Reg3 Rxg6 44. Rxg6 Qe7 45. Qf2 Ra8 46. Rd6 Ra4
47. Kh2 Qf7 48. Qh4 Re4 49. a4 Kh7 50. a5 Qe8 51. Kg1 Qxe5 52. fxe5 Rxh4 53. Rd7
Re4 54. Rxb7 Rxe5 55. a6 Re1+ 56. Kf2 Ra1 57. a7 Ra3 58. g3 Ra2+ 59. Ke3 Ra4 60.
Rd7 Ra1 61. Kf4 d4 62. Kf3 Ra2 63. Rb7 Ra3+ 64. Ke2 Re3+ 65. Kd2 Ra3 66. Rd7 d3
67. Rb7 1-0

[Event "TCh-POL Ekstraliga 2018"]
[Site "Poland POL"]
[Date "2018.09.15"]
[Round "5.1"]
[Board "1"]
[White "Ponizil, Cyril"]
[Black "Kempinski, Robert"]
[Result "1/2-1/2"]
[WhiteTitle "IM"]
[BlackTitle "GM"]
[WhiteElo "2493"]
[BlackElo "2575"]
[WhiteTeam "UKS Hetman Czestochowa"]
[BlackTeam "KSz Miedz Legnica"]
[WhiteFideId "322202"]
[BlackFideId "1105663"]
[EventDate "2018.06.08"]

1. e4 c5 2. Nf3 Nc6 3. d4 cxd4 4. Nxd4 e5 5. Nb5 d6 6. N1c3 a6 7. Na3 Be7 8. Nd5
Nf6 9. Nxf6+ Bxf6 10. Nc4 Be7 11. Ne3 O-O 12. Bc4 Be6 13. O-O Rc8 14. c3 Qd7 15.
Nd5 Bd8 16. Be3 Na5 17. Be2 Nc4 18. Bxc4 Rxc4 19. Qd3 Bxd5 20. Qxd5 Qc6 21. Rad1
Qxd5 22. Rxd5 Be7 23. f3 Rfc8 24. Bb6 f6 25. Rfd1 Kf7 26. Ba5 R4c5 27. Rxc5 Rxc5
28. Bb4 Rc6 29. a4 Ke6 30. b3 Bd8 1/2-1/2

[Event "TCh-POL Ekstraliga 2018"]
[Site "Poland POL"]
[Date "2018.09.15"]
[Round "5.1"]
[Board "2"]
[White "Bobras, Piotr"]
[Black "Zwardon, Vojtech"]
[Result "1/2-1/2"]
[WhiteTitle "GM"]
[BlackTitle "IM"]
[WhiteElo "2499"]
[BlackElo "2424"]
[WhiteTeam "KSz Miedz Legnica"]
[BlackTeam "UKS Hetman Czestochowa"]
[WhiteFideId "1106880"]
[BlackFideId "325511"]
[EventDate "2018.06.08"]

1. e4 c5 2. Nf3 Nc6 3. d4 cxd4 4. Nxd4 e5 5. Nb5 a6 6. Nd6+ Bxd6 7. Qxd6 Qe7 8.
Qxe7+ Ngxe7 9. c4 b5 10. Nc3 O-O 11. Be3 b4 12. Nd5 d6 13. Nxe7+ Nxe7 14. O-O-O
Bb7 15. f3 f5 16. exf5 Nxf5 17. Bf2 e4 18. fxe4 Bxe4 19. Rg1 Rac8 20. b3 d5 21.
Kb2 a5 22. a3 h5 23. axb4 axb4 24. Rd2 d4 25. Bd3 Rce8 26. Re1 Bxd3 27. Rxd3 Ra8
28. Ra1 Rae8 29. Re1 Ra8 30. Ra1 Rae8 1/2-1/2

[Event "TCh-POL Ekstraliga 2018"]
[Site "Poland POL"]
[Date "2018.09.15"]
[Round "5.1"]
[Board "3"]
[White "Piesik, Piotr"]
[Black "Simacek, Pavel"]
[Result "1-0"]
[WhiteTitle "FM"]
[BlackTitle "GM"]
[WhiteElo "2353"]
[BlackElo "2490"]
[WhiteTeam "UKS Hetman Czestochowa"]
[BlackTeam "KSz Miedz Legnica"]
[WhiteFideId "1136194"]
[BlackFideId "307165"]
[EventDate "2018.06.08"]

1. Nf3 Nc6 2. d3 d5 3. Nbd2 e5 4. e4 Nf6 5. Be2 Bc5 6. O-O O-O 7. c3 a5 8. Qc2
Ba7 9. b3 h6 10. a3 Bg4 11. Re1 Qd6 12. Nf1 d4 13. c4 Nh5 14. Nh4 Bxe2 15. Qxe2
Nf4 16. Qf3 g5 17. Nf5 Qg6 18. g3 g4 19. Qd1 Nh3+ 20. Kg2 h5 21. f3 gxf3+ 22.
Qxf3 Ng5 23. Bxg5 Qxg5 24. Qe2 Bc5 25. Nd2 Rae8 26. Nf3 Qg6 27. Qd2 Kh8 28. Rf1
b6 29. Ne1 Be7 30. Nf3 Rg8 31. Nxe7 Rxe7 32. Nh4 Qg5 33. Qxg5 Rxg5 34. Rf6 Nd8
35. Nf3 Kg7 36. Rxb6 Rxg3+ 37. hxg3 cxb6 38. Rh1 Kg6 39. Nh4+ Kg5 40. Rf1 Re6
41. Rf5+ Kh6 42. Nf3 f6 43. Nh4 Nc6 44. Rf1 Kg5 45. Nf5 Kg6 46. Rh1 Ne7 47. Rxh5
Kxh5 48. Ng7+ Kg4 49. Nxe6 f5 50. Kf2 Nc6 51. exf5 Kxf5 52. Ng7+ Kf6 53. Ne8+
Kf5 54. Nd6+ Ke6 55. Nc8 e4 56. dxe4 Ke5 57. Kf3 d3 58. Ke3 Nd4 59. Kxd3 b5 60.
cxb5 1-0

[Event "TCh-POL Ekstraliga 2018"]
[Site "Poland POL"]
[Date "2018.09.15"]
[Round "5.1"]
[Board "4"]
[White "Murdzia, Piotr"]
[Black "Paszewski, Mateusz"]
[Result "1-0"]
[WhiteTitle "IM"]
[BlackTitle "FM"]
[WhiteElo "2414"]
[BlackElo "2322"]
[WhiteTeam "KSz Miedz Legnica"]
[BlackTeam "UKS Hetman Czestochowa"]
[WhiteFideId "1105671"]
[BlackFideId "1141058"]
[EventDate "2018.06.08"]

1. Nf3 d5 2. g3 c6 3. Bg2 Bg4 4. c4 e6 5. cxd5 exd5 6. O-O Nd7 7. d3 Bd6 8. e4
Ne7 9. Nc3 O-O 10. Qc2 Re8 11. Bg5 f6 12. Bd2 Be6 13. Rfe1 Nf8 14. Nd4 Bf7 15.
exd5 cxd5 16. Rac1 Qd7 17. Qa4 a6 18. b4 Qxa4 19. Nxa4 Nd7 20. f4 Rad8 21. Bh3
Nb8 22. b5 Ng6 23. Ne6 Rc8 24. Rxc8 Rxc8 25. Nd4 Re8 26. Rxe8+ Bxe8 27. Be6+ Kf8
28. Bxd5 axb5 29. Nc3 Bc5 30. Be3 Bxd4 31. Bxd4 Bc6 32. Bb3 Ne7 33. Kf2 Na6 34.
Ke2 Ke8 35. Bf2 Nb4 36. Bc5 Na6 37. Bf2 Nb4 38. Kd2 Kd7 39. Bg1 Na6 40. Be3 Nb4
41. Bc5 Na6 42. Bxe7 Kxe7 43. d4 b4 44. Nd5+ Bxd5 45. Bxd5 b5 46. Bg8 h6 47. Kd3
Nc7 48. Ke4 Kf8 49. Bb3 Ke7 50. Kf5 Ne8 51. Kg6 Kf8 52. g4 Nd6 53. Bd5 Nc8 54.
Kf5 Ke7 55. Bb3 Nd6+ 56. Kg6 Kf8 57. h4 Nc8 58. Kf5 Ke7 59. g5 fxg5 60. fxg5
hxg5 61. hxg5 Nd6+ 62. Ke5 Kd7 63. Kd5 g6 64. Ke5 Ke7 65. Bc2 Nc4+ 66. Kf4 Kf7
67. Bd3 Nd6 68. Ke5 Nc4+ 69. Kd5 Nd2 70. Bxb5 Nf3 71. Kc5 Nxg5 72. Kxb4 Nf3 73.
Kc5 g5 74. a4 g4 75. Bc6 Nd2 76. Bd5+ Ke7 77. a5 1-0